| 000 -LEADER |
| fixed length control field |
01169nam a2200217Ia 4500 |
| 001 - CONTROL NUMBER |
| control field |
7349 |
| 003 - CONTROL NUMBER IDENTIFIER |
| control field |
GE_BSU |
| 008 - FIXED-LENGTH DATA ELEMENTS--GENERAL INFORMATION |
| fixed length control field |
181216s||||||||xx |||||||||||||| ||und|| |
| 020 ## - INTERNATIONAL STANDARD BOOK NUMBER |
| International Standard Book Number |
9789941407109 |
| 040 ## - CATALOGING SOURCE |
| Transcribing agency |
GE_BSU |
| 080 ## - UNIVERSAL DECIMAL CLASSIFICATION NUMBER |
| Universal Decimal Classification number |
930.221(=512.161)+94(479.22)+091(=512.16)+31(479.22)+336.2(479.22) |
| 245 ## - TITLE STATEMENT |
| Title |
1728 წლის თბილისის ვილაიეთის დიდი დავთარი. წ. 2. |
| 245 ## - TITLE STATEMENT |
| Statement of responsibility, etc. |
ოსმალური ტექსტი ქართული თარგმანით, შესავლით, გამოკვლევით მოამზადეს სერგი ჯიქიამ და ნოდარ შენგელიამ. რედ.: მირიან მახარაძე. |
| 250 ## - EDITION STATEMENT |
| Edition statement |
ივანე ჯავახიშვილის სახ. თბილისის სახ. უნ–ტი. |
| 260 ## - PUBLICATION, DISTRIBUTION, ETC. |
| Place of publication, distribution, etc. |
თბილისი. |
| 260 ## - PUBLICATION, DISTRIBUTION, ETC. |
| Name of publisher, distributor, etc. |
ჰოროსი XXI. |
| 260 ## - PUBLICATION, DISTRIBUTION, ETC. |
| Date of publication, distribution, etc. |
2010. |
| 300 ## - PHYSICAL DESCRIPTION |
| Extent |
726გვ.25 სმ. |
| 653 ## - INDEX TERM--UNCONTROLLED |
| Uncontrolled term |
1728 წლის თბილისის ვილაიეთის დიდი დავთარი. |
| 942 ## - ADDED ENTRY ELEMENTS (KOHA) |
| Koha item type |
წიგნი |